Κατάλογος Βιβλιοθηκών Mediterranean College

Ορίζοντας 2020: Το Νέο Πρόγραμμα της ΕΕ για την Έρευνα και Καινοτομία (Record no. 9311)

MARC details
000 -LEADER
fixed length control field 01318cam a22001814a 4500
005 - ΗΜΕΡΟΜΗΝΙΑ ΚΑΙ ΩΡΑ ΤΕΛΕΥΤΑΙΑΣ ΕΝΗΜΕΡΩΣΗΣ
Πεδίο ελέγχου 20250605164358.0
008 - FIXED-LENGTH DATA ELEMENTS--GENERAL INFORMATION
Πεδίο ελέγχου σταθερού μήκους 250528s ||||||||||||||||||||||||d
035 ## - SYSTEM CONTROL NUMBER
System control number 24429
040 ## - ΠΗΓΗ ΚΑΤΑΛΟΓΟΓΡΑΦΗΣΗΣ
Φορέας πρωτότυπης καταλογογράφησης MC Athens Campus Library
Γλώσσα καταλογογράφησης Ελληνικά, Μοντέρνα (1453-)
Modifying agency MC Athens Campus Library
Κανόνες περιγραφικής καταλογογράφησης AACR2
245 1# - ΤΙΤΛΟΣ ΚΑΙ ΔΗΛΩΣΗ ΥΠΕΥΘΥΝΟΤΗΤΑΣ
Τίτλος Ορίζοντας 2020: Το Νέο Πρόγραμμα της ΕΕ για την Έρευνα και Καινοτομία
260 ## - PUBLICATION, DISTRIBUTION, ETC.
Name of publisher, distributor, etc. Καινοτομία Έρευνα Και Τεχνολογία,
Date of publication, distribution, etc. 2013
300 ## - PHYSICAL DESCRIPTION
Extent 32
520 ## - SUMMARY, ETC.
Summary, etc. Openarchives.gr: Η Μεγαλύτερη Ελληνική Πύλη Πρόσβασης σε Ψηφιακό Περιεχόμενο Επιστήμης και Πολιτισμού, WebΕΚΤ: Όλοι οι Δικτυακοί Τόποι του ΕΚΤ σε έναν Online Κατάλογο, Δείκτες Έρευνας και Ανάπτυξης για Δαπάνες και Προσωπικό το 2011 και 2012 στην Ελλάδα, Διεθνές Συνέδριο WIRE 2014 για την Καινοτομία και την Περιφερειακή Ανάπτυξη, Νέο ΕθνικόΣυμβούλιο Έρευνας και Τεχνολογίας με Πρόεδρο τον Καθηγητή Ιωσήφ Σηφάκη.
700 1# - ΠΡΟΣΘΕΤΗ ΑΝΑΓΡΑΦΗ--ΦΥΣΙΚΟ ΠΡΟΣΩΠΟ
Personal name Σαχίνη Εύη
9 (RLIN) 9352
942 ## - ADDED ENTRY ELEMENTS (KOHA)
Koha item type Περιοδικά Δημοσιεύματα
Holdings
Τύπος τεκμηρίου Βιβλιοθήκη Τρέχουσα τοποθεσία Barcode Ημερομηνία απόκτησης Ταξιθετικό σύμβολο Αριθμός αντιτύπου Αρίθμηση σειρών / χρονολογία Κατάσταση απόσυρσης Κατάσταση χαμένου Κατάσταση κατεστραμμένου Μη δανεισμός Σύνολο δανεισμών Ημερομηνία τελευταίας εμφάνισης Η τιμή ισχύει από
Περιοδικά Δημοσιεύματα MC Athens Campus Library MC Athens Campus Library 9780000093103 05/06/2025 ΚΑΙΝΟΤΟΜΙΑ ΑΝΑΠΤΥΞΗ 1 94           05/06/2025 05/06/2025

MC Athens Campus Library
Πατησίων 94 & Κοδριγκτώνος 13, 104 34
Πελλήνης 8 & Πατησίων 107, 112 51
Τ: +30 210 8899600

MC Thessaloniki Campus Library
Ίωνος Δραγούμη 21, 54625 | Ίωνος Δραγούμη 15, 54625
Τ: +30 2310 287779 – Τ: +30 2314 440300